000
00319nam a2200133Ia 4500
005
20251222143227.0
008
251222s9999||||xx |||||||||||||| ||spa||
020
_a
0-673-19412-4
082
_a
425.02/M68
100
_a
Mohootian, Shahrzad
245
0
_a
Hooray for English!:
264
_b
Scott Foresman
942
_c
LIB
999
_c
14028
_d
14028